
Library Catalogue

| 000 -LEADER | |
|---|---|
| fixed length control field | 01287cam a2200253 a 4500 |
| 003 - CONTROL NUMBER IDENTIFIER | |
| control field | OSt |
| 005 - DATE AND TIME OF LATEST TRANSACTION | |
| control field | 20260429142611.0 |
| 008 - FIXED-LENGTH DATA ELEMENTS--GENERAL INFORMATION | |
| fixed length control field | 060804s2006 enka b 001 0 eng |
| 020 ## - INTERNATIONAL STANDARD BOOK NUMBER | |
| International Standard Book Number | 9780521857048 (hbk.) |
| 020 ## - INTERNATIONAL STANDARD BOOK NUMBER | |
| International Standard Book Number | 9780521898799 (pbk.) |
| 020 ## - INTERNATIONAL STANDARD BOOK NUMBER | |
| International Standard Book Number | 052185704X |
| 082 00 - DEWEY DECIMAL CLASSIFICATION NUMBER | |
| Classification number | 306.850954 GHO |
| 100 1# - MAIN ENTRY--PERSONAL NAME | |
| Personal name | Ghosh, Durba, |
| Dates associated with a name | 1967- |
| 245 10 - TITLE STATEMENT | |
| Title | Sex and the family in colonial India : |
| Remainder of title | the making of empire / |
| Statement of responsibility, etc. | Durba Ghosh. |
| 260 ## - PUBLICATION, DISTRIBUTION, ETC. | |
| Place of publication, distribution, etc. | New York : |
| Name of publisher, distributor, etc. | Cambridge University Press, |
| Date of publication, distribution, etc. | 2006. |
| 300 ## - PHYSICAL DESCRIPTION | |
| Extent | xi, 277 p. : |
| Dimensions | 24 cm. |
| 440 #0 - SERIES STATEMENT/ADDED ENTRY--TITLE | |
| Title | Cambridge studies in Indian history and society ; |
| Volume/sequential designation | 13 |
| 505 ## - Contents | |
| Contents | Table of Contents:<br/>Acknowledgements<br/>Introduction<br/>1. Colonial companions<br/>2. Residing with begums: William Palmer, James Achilles Kirkpatrick and their 'wives'<br/>3. Good patriarchs, uncommon families<br/>4. Native women, native lives<br/>5. Household order and colonial justice<br/>6. Servicing military families: family labour, pensions and orphans<br/>Conclusion<br/>Bibliography<br/>Index. |
| 650 #0 - SUBJECT ADDED ENTRY--TOPICAL TERM | |
| Topical term or geographic name entry element | Interracial marriage |
| Geographic subdivision | India |
| General subdivision | History |
| Chronological subdivision | 18th century. |
| 650 #0 - SUBJECT ADDED ENTRY--TOPICAL TERM | |
| Topical term or geographic name entry element | Interracial marriage |
| Geographic subdivision | India |
| General subdivision | History |
| Chronological subdivision | 19th century. |
| 650 #0 - SUBJECT ADDED ENTRY--TOPICAL TERM | |
| Topical term or geographic name entry element | Concubinage |
| Geographic subdivision | India |
| General subdivision | History |
| Chronological subdivision | 18th century. |
| 856 41 - ELECTRONIC LOCATION AND ACCESS | |
| Materials specified | Table of contents |
| Uniform Resource Identifier | <a href="http://www.loc.gov/catdir/toc/ecip0618/2006025599.html">http://www.loc.gov/catdir/toc/ecip0618/2006025599.html</a> |
| 942 ## - ADDED ENTRY ELEMENTS (KOHA) | |
| Source of classification or shelving scheme | Dewey Decimal Classification |
| Koha item type | BOOKs |
| Withdrawn status | Lost status | Damaged status | Not for loan | Home library | Current library | Shelving location | Date acquired | Cost, normal purchase price | Total Checkouts | Full call number | Barcode | Date last seen | Price effective from | Koha item type |
|---|---|---|---|---|---|---|---|---|---|---|---|---|---|---|
| NLS | NLS | 30/05/2017 | 695.00 | 306.850954 GHO | 27768 | 30/05/2017 | 30/05/2017 | BOOKs |